| 000 | 00608nam a22001937a 4500 | ||
|---|---|---|---|
| 999 |
_c14198 _d14198 |
||
| 003 | MIRAKIL | ||
| 005 | 20201113145956.0 | ||
| 008 | 201113b tu ||||| |||| 00| 0 tur d | ||
| 040 |
_aTR-AnCHP _btur _cTR-AnCHP |
||
| 082 |
_aATA 956.1024 _bK44i 1997 |
||
| 100 | 1 | _aKılıç, Ali | |
| 245 |
_aİstiklal Mahkemesi hatıraları/ _cKılıç Ali. |
||
| 260 |
_aİstanbul: _bYenigün Haber Ajansı, _c1997. |
||
| 300 |
_a143 s.: _c18 sm. |
||
| 600 | 1 | 4 |
_aKılıç, Ali _d1889-1971 _xAnılar _94779 |
| 650 | 0 |
_94 _aTürkiye _xTarih _xİstiklal Mahkemeleri |
|
| 651 |
_aTürkiye _xSiyaset ve yönetim |
||
| 942 |
_2ddc _cBKS |
||